Securing the virtual environment: (Record no. 4124)
[ view plain ]
| 000 -LEADER | |
|---|---|
| fixed length control field | 00662nam a2200217Ia 4500 |
| 003 - CONTROL NUMBER IDENTIFIER | |
| control field | OSt |
| 005 - DATE AND TIME OF LATEST TRANSACTION | |
| control field | 20220107122745.0 |
| 008 - FIXED-LENGTH DATA ELEMENTS--GENERAL INFORMATION | |
| fixed length control field | 130318s9999 xx 000 0 und d |
| 020 ## - INTERNATIONAL STANDARD BOOK NUMBER | |
| International Standard Book Number | 9788126536054 |
| 040 ## - CATALOGING SOURCE | |
| Transcribing agency | IIITM-K |
| 082 ## - DEWEY DECIMAL CLASSIFICATION NUMBER | |
| Classification number | 006.82 OTT/S |
| 100 ## - MAIN ENTRY--PERSONAL NAME | |
| Personal name | Ottenheimer, Davi |
| 9 (RLIN) | 5046 |
| 245 ## - TITLE STATEMENT | |
| Title | Securing the virtual environment: |
| Remainder of title | How to defend the enterprise against attack |
| Statement of responsibility, etc. | by Davi Ottenheimer; Matthew Wallace |
| 260 ## - PUBLICATION, DISTRIBUTION, ETC. | |
| Name of publisher, distributor, etc. | Wiley, |
| Place of publication, distribution, etc. | New Delhi, |
| Date of publication, distribution, etc. | 2012. |
| 300 ## - PHYSICAL DESCRIPTION | |
| Extent | xxvi, 425p. |
| Accompanying material | 1 DVD |
| 650 ## - SUBJECT ADDED ENTRY--TOPICAL TERM | |
| Topical term or geographic name entry element | VIRTUAL SYSTEMS |
| 9 (RLIN) | 5047 |
| 650 ## - SUBJECT ADDED ENTRY--TOPICAL TERM | |
| Topical term or geographic name entry element | SYSTEM SECURITY |
| 9 (RLIN) | 5048 |
| 650 ## - SUBJECT ADDED ENTRY--TOPICAL TERM | |
| Topical term or geographic name entry element | CLOUD COMPUTING |
| 9 (RLIN) | 5049 |
| 700 ## - ADDED ENTRY--PERSONAL NAME | |
| Personal name | Wallace, Matthew |
| 9 (RLIN) | 5050 |
| 942 ## - ADDED ENTRY ELEMENTS (KOHA) | |
| Source of classification or shelving scheme | Dewey Decimal Classification |
| Koha item type | Books |
| Withdrawn status | Lost status | Source of classification or shelving scheme | Damaged status | Not for loan | Home library | Current library | Shelving location | Date acquired | Cost, normal purchase price | Total Checkouts | Full call number | Barcode | Date last seen | Price effective from | Koha item type |
|---|---|---|---|---|---|---|---|---|---|---|---|---|---|---|---|
| Dewey Decimal Classification | Kerala University of Digital Sciences, Innovation and Technology Knowledge Centre | Kerala University of Digital Sciences, Innovation and Technology Knowledge Centre | Computer Science | 23/05/2014 | 524.00 | 006.82 OTT/S | 3790 | 03/12/2020 | 23/05/2014 | Books |